Central and Eastern Europe in the Changing Business Environment Book of Abstracts from 22th International Joint Conference, May 19 - 20, 2022, Prague, Czech Republic and Bratislava, Slovakia
Na minha lista:
| Corporate Authors: | , , |
|---|---|
| Outros Autores: | , |
| Formato: | Livro |
| Idioma: | inglês |
| Publicado em: |
Praha
Oeconomica Publishing House, University of Economics, Prague
2022
|
| Edição: | 1st Edition |
| Assuntos: | |
| Tags: |
Sem tags, seja o primeiro a adicionar uma tag!
|
MARC
| LEADER | 00000nlm a2200000 4500 | ||
|---|---|---|---|
| 001 | 0289108 | ||
| 005 | 20240822101720.1 | ||
| 020 | |a 978-80-245-2455-9 | ||
| 041 | 0 | |a eng | |
| 044 | |a CZ | ||
| 245 | 1 | 0 | |a Central and Eastern Europe in the Changing Business Environment |b Book of Abstracts from 22th International Joint Conference, May 19 - 20, 2022, Prague, Czech Republic and Bratislava, Slovakia |c Reviewers: Jarolím Antal, Josef Bič... [et al.] |
| 250 | |a 1st Edition | ||
| 264 | 1 | |a Praha |b Oeconomica Publishing House, University of Economics, Prague |c 2022 | |
| 300 | |a 48 s. | ||
| 610 | 2 | 0 | |a prostredie podnikateľské |
| 610 | 2 | 0 | |a obchod medzinárodný |
| 610 | 2 | 0 | |a východná Európa |
| 610 | 2 | 0 | |a stredná Európa |
| 700 | 1 | |a Antal, Jarolím | |
| 700 | 1 | |a Bič, Josef | |
| 110 | 2 | |a Central and Eastern Europe in the Changing Business Environment. International Joint Conference | |
| 710 | 2 | |a Vysoká škola ekonomická v Praze | |
| 710 | 2 | |a Ekonomická univerzita v Bratislave. Obchodná fakulta | |